00490nam a2200181Ia 450000500170000000800410001702000180005804100120007608200150008810000170010324500530012025000120017326000380018530000200022365000260024370000190026970000200028820260429111921.0260429s9999||||xx |||||||||||||| ||und|| a9789390013432 aEnglish a628.3bBAS aBasak, J. L. 0aWastewater treatment engineering / cJ. L. Basak a1st ed. aPune : bKnowledge Bakers,c2024. avii, 205 p.; hb aWastewater management a Mahto, Girish a Ram, Lopamudra